ბათუმის შოთა რუსთაველის სახელმწიფო უნივერსიტეტის ბიბლიოთეკა

Государственная Служба:Основные этапы развития как науки и профессии от древнего мира до начала ХХ века. (ბიბ.ჩანაწერი № 44274)

000 -LEADER
fixed length control field 00929nam a2200241Ia 4500
001 - CONTROL NUMBER
control field 11032
003 - CONTROL NUMBER IDENTIFIER
control field GE_BSU
008 - FIXED-LENGTH DATA ELEMENTS--GENERAL INFORMATION
fixed length control field 181216s||||||||xx |||||||||||||| ||und||
020 ## - INTERNATIONAL STANDARD BOOK NUMBER
International Standard Book Number 9785160057477
040 ## - CATALOGING SOURCE
Transcribing agency GE_BSU
080 ## - UNIVERSAL DECIMAL CLASSIFICATION NUMBER
Universal Decimal Classification number 351(091)(075.8)
100 ## - MAIN ENTRY--PERSONAL NAME
Personal name Кабашов,С.Ю.
245 ## - TITLE STATEMENT
Title Государственная Служба:Основные этапы развития как науки и профессии от древнего мира до начала ХХ века.
245 ## - TITLE STATEMENT
Remainder of title Учеб.пособие.
245 ## - TITLE STATEMENT
Statement of responsibility, etc. Ред.Е.Г.Иванова.
260 ## - PUBLICATION, DISTRIBUTION, ETC.
Place of publication, distribution, etc. Москва
260 ## - PUBLICATION, DISTRIBUTION, ETC.
Name of publisher, distributor, etc. Инфра-М.
260 ## - PUBLICATION, DISTRIBUTION, ETC.
Date of publication, distribution, etc. 2013.
300 ## - PHYSICAL DESCRIPTION
Extent 287стр,20см.
653 ## - INDEX TERM--UNCONTROLLED
Uncontrolled term Государственная Служба:Основные этапы развития как науки и профессии от древнего мира до начала ХХ века.
942 ## - ADDED ENTRY ELEMENTS (KOHA)
Koha item type წიგნი
ეგზემპლარები
Withdrawn status Lost status Damaged status Not for loan Date acquired Barcode Date last seen Price effective from Koha item type
        2018-12-17 35398 2018-12-17 2018-12-17 წიგნი